000 01001cam2a220027700 4500
001 lce01517637
008 830429s1981 cau b 000 0 eng
010 _a 82200570 //r854
035 _a(Sirsi) r38970
035 _a(DLC) 82200570 //r854
035 _a(UPRA)lce01517637
041 1 _aeng per
_heng per
050 0 _aPK6561.F264
_bA237 1981
082 0 _a891/.5513
_219
100 1 _aFarrukhzad, Furugh.
_6A100317.1
240 1 0 _aTavalludi-i digar. English
_lTavalludi-i digar. English
245 1 0 _aAnother birth :
_bselected poems of Forugh Farrokhzad /
_ctranslated by Hasan Javadi and Susan Sallee.
260 _aEmeryville, Calif. :
_bAlbany Press,
_c1981.
440 0 _aMiddle Eastern series ;
_vno. 1
_6S16185.1
504 _aBibliography: p. 137-138.
700 1 _aJavadi, Hasan.
_6A100318.1
700 1 _aSallee, Susan.
_6A100319.1
949 _aPK6561.F264
_wlcc
_i-46722
_mMAIN
_tBOOK
_lON-SHELF
949 _aPK6561.F264
_wlcc
_i-46723
_mMAIN
_p1500
_tBOOK
_lON-SHELF
004 38970
999 _c83470
_d83470